[Event "Saint Louis 1000 GM 2nd"]
[Site "Saint Louis"]
[Date "2022.09.23"]
[Round "4"]
[White "Antipov, Mikhail Al"]
[Black "Tugstumur, Yesuntumur"]
[Result "1-0"]
[WhiteElo "2603"]
[BlackElo "2375"]
[PlyCount "101"]
[EventDate "2022.09.21"]
[EventType "tourn"]
[EventRounds "9"]
[EventCountry "USA"]
[EventCategory "6"]
[SourceTitle "CBM 210 Extra"]
[Source "ChessBase"]
[SourceDate "2022.11.30"]
[SourceVersion "1"]
[SourceVersionDate "2022.11.30"]
[SourceQuality "1"]

1. e4 c5 2. Nf3 e6 3. b3 d6 4. d4 cxd4 5. Nxd4 Nf6 6. Bd3 e5 7. Nf3 Be7 8. 0-0 0-0 9. c4 Na6 10. Nc3 Bg4 11. h3 Bh5 12. Bg5 Ne8 13. Be3 Bxf3 14. Qxf3 Bg5 15. Rfd1 Nec7 16. Be2 Bxe3 17. Qxe3 Qe7 18. Nd5 Nxd5 19. cxd5 Nc5 20. b4 Nd7 21. Rdc1 Qd8 22. Bb5 Nf6 23. Rc2 a5 24. bxa5 Qxa5 25. a4 Rfc8 26. Rac1 Rxc2 27. Rxc2 Qd8 28. Rc4 Rc8 29. Qb6 Rb8 30. Qxd8+ Rxd8 31. f3 h5 32. Rc7 Rb8 33. h4 Kf8 34. Kf2 Ne8 35. Rd7 g6 36. Ke3 Kg7 37. Kd3 Kf8 38. Kd2 f5 39. Kd3 Kg8 40. Re7 Ng7 41. Rc7 Kf8 42. Kc4 Kg8 43. Kb4 g5 44. hxg5 fxe4 45. fxe4 h4 46. Bd7 Rf8 47. g6 Rf2 48. Rc8+ Rf8 49. a5 Nh5 50. Rxf8+ Kxf8 51. Bc8 1-0

[Event "Hollywood Classic 3rd"]
[Site "Los Angeles"]
[Date "2022.08.05"]
[Round "5"]
[White "Tugstumur, Yesuntumur"]
[Black "Ezra, Paul Chambers"]
[Result "1-0"]
[WhiteElo "2347"]
[BlackElo "2241"]
[PlyCount "107"]
[EventDate "2022.08.03"]
[EventType "swiss"]
[EventRounds "9"]
[EventCountry "USA"]
[SourceTitle "CBM 209 Extra"]
[Source "ChessBase"]
[SourceDate "2022.09.30"]
[SourceVersion "1"]
[SourceVersionDate "2022.09.30"]
[SourceQuality "1"]

1. d4 d5 2. c4 c6 3. Nf3 Nf6 4. e3 e6 5. Nbd2 Nbd7 6. Bd3 Be7 7. 0-0 0-0 8. Qe2 b6 9. b3 Bb7 10. Bb2 c5 11. Rac1 cxd4 12. Nxd4 Nc5 13. Bb1 dxc4 14. Nxc4 Qd5 15. f3 Qh5 16. e4 Rfd8 17. Rcd1 Rac8 18. g4 Qh4 19. Qf2 Qxf2+ 20. Rxf2 Na4 21. Ba1 Bb4 22. Rc2 b5 23. Ne3 Bc3 24. bxa4 Bxa1 25. Rxc8 Bxc8 26. Nb3 Rxd1+ 27. Nxd1 Be5 28. axb5 a6 29. Bd3 axb5 30. Bxb5 Kf8 31. Nf2 Bb8 32. Nd3 Ke7 33. Kg2 g5 34. Na5 Bd7 35. Bxd7 Kxd7 36. Nc4 Ke7 37. a4 Nd7 38. Nb4 Bf4 39. Nd3 Bb8 40. h4 gxh4 41. Kh3 Bg3 42. f4 Nf6 43. a5 Kd8 44. Nd6 Kc7 45. g5 Nh5 46. Nxf7 Nxf4+ 47. Nxf4 Bxf4 48. Kxh4 Bd2 49. a6 Kb6 50. Kh5 Kxa6 51. Kh6 Kb5 52. Kxh7 Bb4 53. g6 Bf8 54. Nd8 1-0

[Event "Chicago op 31st"]
[Site "Chicago"]
[Date "2022.05.29"]
[Round "7"]
[White "Tugstumur, Yesuntumur"]
[Black "Matviishen, Viktor"]
[Result "0-1"]
[WhiteElo "2363"]
[BlackElo "2517"]
[PlyCount "102"]
[EventDate "2022.05.26"]
[EventType "swiss"]
[EventRounds "9"]
[EventCountry "USA"]
[SourceTitle "CBM 208 Extra"]
[Source "ChessBase"]
[SourceDate "2022.07.31"]
[SourceVersion "1"]
[SourceVersionDate "2022.07.31"]
[SourceQuality "1"]

1. d4 d5 2. c4 c6 3. Nf3 Nf6 4. e3 a6 5. b3 Bg4 6. Be2 e6 7. h3 Bh5 8. 0-0 Nbd7 9. a4 Bd6 10. Ba3 Bxa3 11. Rxa3 a5 12. Ra2 0-0 13. Nh2 Bxe2 14. Rxe2 e5 15. dxe5 Nxe5 16. Qd4 Qe7 17. cxd5 Rfd8 18. Rd2 Rxd5 19. Qb2 Nd3 20. Qc2 Nb4 21. Qb2 Rxd2 22. Nxd2 Rd8 23. Nhf3 Rd5 24. Nc4 Ne4 25. Nb6 Rd8 26. Nc4 Qc5 27. Qe5 Qxe5 28. Nfxe5 Rd5 29. Nf3 Kf8 30. Nd4 c5 31. Nf3 Nc6 32. g4 Ke7 33. Rb1 Kd8 34. Kg2 Kc7 35. Rb2 Rd1 36. Ncd2 Nxd2 37. Nxd2 Ne5 38. Ne4 Kc6 39. Rd2 Rxd2 40. Nxd2 b5 41. axb5+ Kxb5 42. f4 Nd3 43. Kf3 Kb4 44. f5 Kc3 45. Ne4+ Kxb3 46. Ke2 c4 47. Nd2+ Kb4 48. Nb1 a4 49. Kd2 a3 50. Nc3 Kb3 51. h4 Nc5 0-1

[Event "Nizami Ganjavi 880 years U17"]
[Site "Tornelo INT"]
[Date "2021.04.03"]
[Round "4.3"]
[White "Tugstumur, Yesuntumur"]
[Black "Mendes Domingues, Ribeiro Matheus"]
[Result "1/2-1/2"]
[WhiteElo "2363"]
[BlackElo "2195"]
[PlyCount "163"]
[EventDate "2021.04.02"]
[EventType "team-swiss (blitz)"]
[EventRounds "9"]
[EventCountry "AZE"]
[SourceTitle "EXT 2023"]
[Source "ChessBase"]
[SourceDate "2022.10.05"]
[SourceVersion "1"]
[SourceVersionDate "2022.10.05"]
[SourceQuality "1"]
[WhiteTeam "Mongolia"]
[BlackTeam "Brasil JXT"]
[WhiteTeamCountry "MGL"]
[BlackTeamCountry "BRA"]

1. d4 d5 2. c4 e6 3. Nf3 Nf6 4. g3 Be7 5. Bg2 0-0 6. 0-0 dxc4 7. Qa4 a6 8. Qxc4 b5 9. Qc2 Bb7 10. Bg5 Be4 11. Qc1 Nbd7 12. Nbd2 Bb7 13. Nb3 Rc8 14. Na5 Bxf3 15. Bxf3 c5 16. Nc6 Qe8 17. dxc5 Nxc5 18. b4 Na4 19. a3 h6 20. Bf4 Nd5 21. Bxd5 exd5 22. Nxe7+ Qxe7 23. Qd2 Rfe8 24. Rfe1 Nc3 25. Kf1 g5 26. Be3 Qe4 27. Kg1 d4 28. Qxd4 Nxe2+ 29. Rxe2 Qxd4 30. Bxd4 Rxe2 31. a4 bxa4 32. Rxa4 Re6 33. Ra3 Kh7 34. Kg2 Kg6 35. Be3 Rc2 36. Rd3 Rc4 37. Bd2 h5 38. h3 Rcc6 39. Rd5 f6 40. Be3 Red6 41. Ra5 Rc4 42. Bc5 Re6 43. Ra3 g4 44. hxg4 hxg4 45. Ra5 Rc1 46. Be3 Rb1 47. Ra4 Rb2 48. Bd4 Rc2 49. Ra5 Rc4 50. Bc5 Re1 51. Ra2 Rcc1 52. f3 gxf3+ 53. Kxf3 Rf1+ 54. Kg2 Ra1 55. Rd2 Rfd1 56. Re2 Rd5 57. Rc2 Rad1 58. Be3 R1d3 59. Kf2 Rf5+ 60. Bf4 Rb5 61. Bd2 Kf5 62. Be1 Ke4 63. Rc6 Rf5+ 64. Kg2 Ra3 65. Re6+ Kd5 66. Re2 Re5 67. Rd2+ Kc4 68. Kf2 Kb3 69. Rd3+ Ka4 70. Rd6 Ra2+ 71. Bd2 Kb3 72. Kf3 f5 73. Kf4 Rb5 74. Ke3 Rxd2 75. Kxd2 Rxb4 76. Rxa6 Rg4 77. Rf6 Rxg3 78. Rxf5 Kc4 79. Rf4+ Kd5 80. Ke2 Rb3 81. Rf3 Rxf3 82. Kxf3 1/2-1/2

[Event "Eastern Asia-ch zt 3.3"]
[Site "Ulaanbaatar"]
[Date "2019.04.13"]
[Round "7"]
[White "Amilal, Munkhdalai"]
[Black "Tugstumur, Yesuntumur"]
[Result "1/2-1/2"]
[WhiteElo "2042"]
[BlackElo "2355"]
[PlyCount "87"]
[EventDate "2019.04.07"]
[EventType "swiss"]
[EventRounds "9"]
[EventCountry "MGL"]
[SourceTitle "CBM 189 Extra"]
[Source "ChessBase"]
[SourceDate "2019.06.03"]
[SourceVersion "1"]
[SourceVersionDate "2019.06.03"]
[SourceQuality "1"]

1. e4 c5 2. Nf3 e6 3. d4 cxd4 4. Nxd4 Nc6 5. Nc3 Qc7 6. Be3 a6 7. Be2 Nf6 8. 0-0 Be7 9. f4 d6 10. Qe1 0-0 11. Qg3 Nxd4 12. Bxd4 b5 13. a3 Bb7 14. Kh1 Rad8 15. Rae1 Rfe8 16. Bd3 Bc6 17. Nd1 g6 18. f5 e5 19. Bc3 Nh5 20. Qf3 Bf8 21. Ne3 Nf4 22. g3 Nxd3 23. cxd3 Bg7 24. h4 d5 25. exd5 Ba8 26. Kh2 f6 27. d4 e4 28. Qf4 Qxf4 29. Rxf4 Kf7 30. g4 g5 31. hxg5 fxg5 32. Rf2 Bxd5 33. f6 Bf8 34. Rf5 Be6 35. Rxg5 Kxf6 36. Rh5 Kg6 37. Kh3 Bh6 38. Ng2 Bg5 39. Nh4+ Bxh4 40. Kxh4 Bc4 41. Rg5+ Kf7 42. Rf5+ Kg8 43. Rg5+ Kf7 44. Rf5+ 1/2-1/2

[Event "Eastern Asia-ch zt 3.3"]
[Site "Ulaanbaatar"]
[Date "2019.04.10"]
[Round "4"]
[White "Tugstumur, Yesuntumur"]
[Black "Boldoo, Erdenepurev"]
[Result "1/2-1/2"]
[WhiteElo "2355"]
[BlackElo "2334"]
[PlyCount "98"]
[EventDate "2019.04.07"]
[EventType "swiss"]
[EventRounds "9"]
[EventCountry "MGL"]
[SourceTitle "CBM 189 Extra"]
[Source "ChessBase"]
[SourceDate "2019.06.03"]
[SourceVersion "1"]
[SourceVersionDate "2019.06.03"]
[SourceQuality "1"]

1. d4 Nf6 2. c4 e6 3. g3 d5 4. Bg2 dxc4 5. Nf3 Bb4+ 6. Bd2 Be7 7. 0-0 0-0 8. Qa4 Bd7 9. Qxc4 Bc6 10. Nc3 Nbd7 11. Rad1 a6 12. Rfe1 Rb8 13. Bf4 Bd6 14. Bg5 h6 15. Bxf6 Qxf6 16. e4 e5 17. Qe2 Nb6 18. dxe5 Bxe5 19. Nxe5 Qxe5 20. f4 Qc5+ 21. Qf2 Qxf2+ 22. Kxf2 Rbd8 23. b3 Rfe8 24. h4 Kf8 25. Bf3 Ke7 26. Rc1 Rd7 27. Bg4 Rd2+ 28. Ke3 Red8 29. Be2 Kf8 30. Red1 Rxd1 31. Bxd1 Nd7 32. Be2 Re8 33. b4 Nf6 34. e5 Nd7 35. a4 Nb6 36. a5 Nc8 37. Bf3 Ne7 38. Bxc6 Nxc6 39. Nd5 Rd8 40. Ke4 f5+ 41. exf6 gxf6 42. Nxc7 Rd4+ 43. Kf3 Rxb4 44. Kg4 Ne7 45. Kh5 Kf7 46. Rc3 f5 47. Kxh6 b6 48. axb6 Rxb6+ 49. Kh5 Rb8 1/2-1/2

[Event "Eastern Asia-ch zt 3.3"]
[Site "Ulaanbaatar"]
[Date "2019.04.07"]
[Round "1"]
[White "Gundavaa, Bayarsaihan"]
[Black "Tugstumur, Yesuntumur"]
[Result "1-0"]
[WhiteElo "2481"]
[BlackElo "2355"]
[PlyCount "83"]
[EventDate "2019.04.07"]
[EventType "swiss"]
[EventRounds "9"]
[EventCountry "MGL"]
[SourceTitle "CBM 189 Extra"]
[Source "ChessBase"]
[SourceDate "2019.06.03"]
[SourceVersion "1"]
[SourceVersionDate "2019.06.03"]
[SourceQuality "1"]

1. Nf3 Nf6 2. c4 g6 3. Nc3 Bg7 4. e4 d6 5. d4 0-0 6. Be2 Na6 7. 0-0 e5 8. Be3 Ng4 9. Bg5 Qe8 10. Re1 h6 11. Bh4 exd4 12. Nxd4 Nf6 13. Bf1 c6 14. Qc2 Nh5 15. Rad1 Nc5 16. f3 a5 17. Bf2 Qe7 18. Qd2 Kh7 19. Nde2 Be5 20. f4 Bxc3 21. Nxc3 Ne6 22. f5 Neg7 23. g4 Nf6 24. h3 Nge8 25. Bg3 Nd7 26. Bxd6 Nxd6 27. Qxd6 Qh4 28. Bg2 Re8 29. fxg6+ fxg6 30. e5 Kg7 31. e6 Nf6 32. Qc7+ Bd7 33. Re2 Rec8 34. Qxb7 Rcb8 35. Rxd7+ Nxd7 36. Qxd7+ Kh8 37. e7 Re8 38. Qxc6 Rab8 39. Nd5 Kg7 40. Qc5 h5 41. Qd4+ Kh6 42. Nf6 1-0

[Event "Novi Sad TS IM 103rd"]
[Site "Novi Sad"]
[Date "2019.01.22"]
[Round "5"]
[White "Lin, Yi1111"]
[Black "Tugstumur, Yesuntumur"]
[Result "0-1"]
[WhiteElo "2359"]
[BlackElo "2295"]
[PlyCount "108"]
[EventDate "2019.01.19"]
[EventType "tourn"]
[EventRounds "9"]
[EventCountry "SRB"]
[EventCategory "3"]
[SourceTitle "CBM 188 Extra"]
[Source "ChessBase"]
[SourceDate "2019.02.26"]
[SourceVersion "1"]
[SourceVersionDate "2019.02.26"]
[SourceQuality "1"]

1. d4 Nf6 2. c4 g6 3. Nc3 Bg7 4. e4 d6 5. h3 0-0 6. Nf3 e5 7. d5 a5 8. g4 Na6 9. Be3 Nc5 10. Nd2 c6 11. Be2 Bd7 12. g5 Ne8 13. h4 cxd5 14. cxd5 f6 15. Rg1 Rf7 16. h5 f5 17. exf5 Bxf5 18. Bxc5 dxc5 19. Nde4 Nd6 20. f3 c4 21. Qd2 b5 22. h6 Bf8 23. Nf6+ Rxf6 24. gxf6 Qxf6 25. 0-0-0 b4 26. Ne4 Bxe4 27. fxe4 Nxe4 28. Qe3 Nd6 29. Bg4 Qf4 30. Be6+ Kh8 31. Qxf4 exf4 32. Rh1 Be7 33. Rdf1 Rf8 34. Rh2 Ne4 35. Re1 Nc5 36. Kc2 Bd6 37. Rf1 Ne4 38. Bg4 f3 39. Rh3 Ng5 40. Rhxf3 Nxf3 41. Rxf3 Rxf3 42. Bxf3 Bf4 43. Be2 Bxh6 44. d6 Kg7 45. Bxc4 Bf4 46. d7 Bc7 47. Kd3 Kf6 48. Ke4 h5 49. Be2 Kg5 50. Bc4 Kh4 51. Bf7 g5 52. a3 bxa3 53. bxa3 g4 54. a4 g3 0-1

[Event "Novi Sad TS IM 103rd"]
[Site "Novi Sad"]
[Date "2019.01.21"]
[Round "4"]
[White "Tugstumur, Yesuntumur"]
[Black "Liu, Zhaoqi"]
[Result "1/2-1/2"]
[WhiteElo "2295"]
[BlackElo "2300"]
[PlyCount "102"]
[EventDate "2019.01.19"]
[EventType "tourn"]
[EventRounds "9"]
[EventCountry "SRB"]
[EventCategory "3"]
[SourceTitle "CBM 188 Extra"]
[Source "ChessBase"]
[SourceDate "2019.02.26"]
[SourceVersion "1"]
[SourceVersionDate "2019.02.26"]
[SourceQuality "1"]

1. d4 Nf6 2. c4 c5 3. d5 e6 4. Nc3 exd5 5. cxd5 d6 6. e4 g6 7. h3 Bg7 8. Nf3 0-0 9. Bd3 b5 10. Bxb5 Nxe4 11. Nxe4 Qa5+ 12. Nfd2 Qxb5 13. Nxd6 Qa6 14. N2c4 Nd7 15. 0-0 Ne5 16. Nxe5 Bxe5 17. Nxc8 Raxc8 18. Re1 Qd6 19. Bh6 Rfd8 20. Qe2 Bd4 21. Qf3 Bxb2 22. Rab1 Qf6 23. Bf4 c4 24. Rxb2 Qxb2 25. Be5 Qb6 26. Rd1 Re8 27. Bc3 Qd6 28. Qg4 f6 29. Qd4 a6 30. g3 Kg7 31. a3 Qe5 32. Qa7+ Re7 33. Qxa6 Qxc3 34. Qxc8 Re1+ 35. Rxe1 Qxe1+ 36. Kg2 Qe4+ 37. Kf1 Qd3+ 38. Ke1 Qb1+ 39. Ke2 Qc2+ 40. Kf1 Qd3+ 41. Ke1 Qxa3 42. Kf1 Qd3+ 43. Ke1 Qb1+ 44. Ke2 Qc2+ 45. Ke1 Qc1+ 46. Ke2 Qc2+ 47. Ke1 Qe4+ 48. Kf1 Qd3+ 49. Ke1 Qb1+ 50. Ke2 Qd3+ 51. Ke1 Qe4+ 1/2-1/2

[Event "Novi Sad TS IM 98th"]
[Site "Novi Sad"]
[Date "2019.01.17"]
[Round "8"]
[White "Pastar, Slaven"]
[Black "Tugstumur, Yesuntumur"]
[Result "1/2-1/2"]
[WhiteElo "2337"]
[BlackElo "2295"]
[PlyCount "25"]
[EventDate "2019.01.14"]
[EventType "tourn"]
[EventRounds "9"]
[EventCountry "SRB"]
[EventCategory "3"]
[SourceTitle "CBM 188 Extra"]
[Source "ChessBase"]
[SourceDate "2019.02.26"]
[SourceVersion "1"]
[SourceVersionDate "2019.02.26"]
[SourceQuality "1"]

1. d4 Nf6 2. c4 g6 3. Nc3 Bg7 4. e4 d6 5. Nf3 0-0 6. Be2 e5 7. 0-0 Nc6 8. d5 Ne7 9. Nd2 Ne8 10. b4 f5 11. f3 Nf6 12. c5 f4 13. Ba3 1/2-1/2

[Event "Novi Sad TS IM 98th"]
[Site "Novi Sad"]
[Date "2019.01.16"]
[Round "6"]
[White "Galperin, Platon"]
[Black "Tugstumur, Yesuntumur"]
[Result "1/2-1/2"]
[WhiteElo "2383"]
[BlackElo "2295"]
[PlyCount "59"]
[EventDate "2019.01.14"]
[EventType "tourn"]
[EventRounds "9"]
[EventCountry "SRB"]
[EventCategory "3"]
[SourceTitle "CBM 188 Extra"]
[Source "ChessBase"]
[SourceDate "2019.02.26"]
[SourceVersion "1"]
[SourceVersionDate "2019.02.26"]
[SourceQuality "1"]

1. e4 c5 2. Nf3 e6 3. d4 cxd4 4. Nxd4 Nc6 5. Nc3 Qc7 6. Be3 a6 7. Qf3 b5 8. 0-0-0 Bb7 9. Qg3 Qxg3 10. hxg3 Rc8 11. Nb3 d6 12. f3 Nf6 13. g4 Be7 14. a4 b4 15. Na2 Nd7 16. Bf4 Nc5 17. Bxd6 Nxb3+ 18. cxb3 Bxd6 19. Rxd6 Ke7 20. Rd1 a5 21. Kb1 e5 22. Bc4 Nd4 23. Rh5 f6 24. g5 g6 25. Rh6 fxg5 26. Rdh1 Kd6 27. Rxh7 Rxh7 28. Rxh7 Rc7 29. Rh6 Rg7 30. Nc1 1/2-1/2

[Event "Novi Sad TS IM 98th"]
[Site "Novi Sad"]
[Date "2019.01.15"]
[Round "4"]
[White "Petrusic, Velimir"]
[Black "Tugstumur, Yesuntumur"]
[Result "0-1"]
[WhiteElo "2135"]
[BlackElo "2295"]
[PlyCount "62"]
[EventDate "2019.01.14"]
[EventType "tourn"]
[EventRounds "9"]
[EventCountry "SRB"]
[EventCategory "3"]
[SourceTitle "CBM 188 Extra"]
[Source "ChessBase"]
[SourceDate "2019.02.26"]
[SourceVersion "1"]
[SourceVersionDate "2019.02.26"]
[SourceQuality "1"]

1. d4 Nf6 2. Nf3 g6 3. Bg5 Bg7 4. Nbd2 0-0 5. c3 d6 6. e4 c5 7. dxc5 dxc5 8. Bc4 Qc7 9. Qe2 Nc6 10. 0-0 h6 11. Bxf6 exf6 12. Nh4 Kh7 13. f4 b6 14. Rad1 Bb7 15. Qg4 Rad8 16. Ndf3 Rxd1 17. Rxd1 Rd8 18. Rxd8 Nxd8 19. Nxg6 fxg6 20. f5 g5 21. Qh5 Qe7 22. Qg6+ Kh8 23. h4 b5 24. Nxg5 fxg5 25. hxg5 bxc4 26. f6 Bxf6 27. Qxh6+ Kg8 28. gxf6 Qh7 29. Qg5+ Kf7 30. e5 Ne6 31. Qd2 Qd3 0-1

[Event "Novi Sad TS IM 98th"]
[Site "Novi Sad"]
[Date "2019.01.14"]
[Round "1"]
[White "Omorjan, Dejan"]
[Black "Tugstumur, Yesuntumur"]
[Result "0-1"]
[WhiteElo "2284"]
[BlackElo "2295"]
[PlyCount "86"]
[EventDate "2019.01.14"]
[EventType "tourn"]
[EventRounds "9"]
[EventCountry "SRB"]
[EventCategory "3"]
[SourceTitle "CBM 188 Extra"]
[Source "ChessBase"]
[SourceDate "2019.02.26"]
[SourceVersion "1"]
[SourceVersionDate "2019.02.26"]
[SourceQuality "1"]

1. d4 Nf6 2. c4 g6 3. Nc3 Bg7 4. e4 d6 5. h3 0-0 6. Be3 e5 7. d5 a5 8. Bd3 Na6 9. Nge2 Nc5 10. Bc2 Bd7 11. g4 c6 12. Ng3 a4 13. Qd2 cxd5 14. exd5 Qa5 15. g5 Ne8 16. a3 Qa6 17. Qe2 Rc8 18. Bxc5 Rxc5 19. Nge4 Rc8 20. Bd3 f5 21. gxf6 Nxf6 22. Nxf6+ Rxf6 23. Ne4 Rf4 24. c5 Qa5+ 25. Kf1 dxc5 26. Kg2 b5 27. Nc3 Rcf8 28. Ne4 c4 29. Bc2 Qd8 30. Raf1 Bf5 31. f3 Qxd5 32. Rd1 Qe6 33. h4 Qe7 34. h5 g5 35. h6 g4 36. hxg7 gxf3+ 37. Qxf3 Qxg7+ 38. Qg3 Rg4 39. Rh3 Rxg3+ 40. Rxg3 Bg4 41. Rd6 h5 42. Nf2 Rxf2+ 43. Kxf2 Qf8+ 0-1

[Event "Novi Sad TS IM 98th"]
[Site "Novi Sad"]
[Date "2019.01.14"]
[Round "2"]
[White "Tugstumur, Yesuntumur"]
[Black "Popchev, Milko"]
[Result "1-0"]
[WhiteElo "2295"]
[BlackElo "2251"]
[PlyCount "91"]
[EventDate "2019.01.14"]
[EventType "tourn"]
[EventRounds "9"]
[EventCountry "SRB"]
[EventCategory "3"]
[SourceTitle "CBM 188 Extra"]
[Source "ChessBase"]
[SourceDate "2019.02.26"]
[SourceVersion "1"]
[SourceVersionDate "2019.02.26"]
[SourceQuality "1"]

1. d4 d6 2. Nf3 Bg4 3. g3 c6 4. Bg2 e6 5. 0-0 d5 6. c4 Nf6 7. Nc3 Nbd7 8. Bf4 Be7 9. h3 Bh5 10. Qb3 Qb6 11. Qxb6 axb6 12. cxd5 Nxd5 13. Bd2 Bg6 14. Ne1 N7f6 15. f3 b5 16. e4 Nb6 17. b3 0-0 18. Nd3 Rfd8 19. Rfd1 Ba3 20. Be3 Nbd7 21. b4 Nb6 22. Rab1 Nc4 23. Bf2 Nd7 24. Rb3 f6 25. Nb1 e5 26. Bf1 Bf7 27. d5 cxd5 28. exd5 Bxd5 29. Ne1 Be6 30. Bxc4 bxc4 31. Rxa3 Rxa3 32. Nxa3 c3 33. Nb5 Rc8 34. Rc1 Bxa2 35. Rxc3 Rc6 36. Rxc6 bxc6 37. Nd6 Nf8 38. Nd3 Bd5 39. f4 exf4 40. Nxf4 Bf3 41. Bc5 Nd7 42. Kf2 Bd1 43. Ne6 Bb3 44. Nd8 Ba4 45. Nc8 h5 46. Nxc6 1-0

[Event "Belgrade ChessAmateur op 5th"]
[Site "Belgrade"]
[Date "2019.01.06"]
[Round "4"]
[White "Tugstumur, Yesuntumur"]
[Black "Popadic, Dragan"]
[Result "1-0"]
[WhiteElo "2295"]
[BlackElo "2201"]
[PlyCount "61"]
[EventDate "2019.01.04"]
[EventType "swiss"]
[EventRounds "9"]
[EventCountry "SRB"]
[SourceTitle "CBM 188 Extra"]
[Source "ChessBase"]
[SourceDate "2019.02.26"]
[SourceVersion "1"]
[SourceVersionDate "2019.02.26"]
[SourceQuality "1"]

1. d4 Nf6 2. c4 g6 3. Nc3 Bg7 4. e4 d6 5. Nf3 0-0 6. Be2 e5 7. 0-0 Na6 8. Be3 Ng4 9. Bg5 Qe8 10. h3 f6 11. Bc1 Nh6 12. Re1 c6 13. Rb1 Nf7 14. Bf1 Bd7 15. b4 Qe7 16. b5 Nc7 17. Ba3 exd4 18. bxc6 bxc6 19. Qxd4 Ne6 20. Qd2 Bh6 21. Qd1 Ned8 22. c5 dxc5 23. Na4 Ne6 24. Qc2 Rfb8 25. Nxc5 Nxc5 26. Bxc5 Qe8 27. Rxb8 Qxb8 28. Bc4 Bg7 29. e5 Bf5 30. Qc3 fxe5 31. Ng5 1-0

[Event "Belgrade ChessAmateur op 5th"]
[Site "Belgrade"]
[Date "2019.01.05"]
[Round "3"]
[White "Agibileg, Uurtsaikh"]
[Black "Tugstumur, Yesuntumur"]
[Result "1-0"]
[WhiteElo "2324"]
[BlackElo "2295"]
[PlyCount "95"]
[EventDate "2019.01.04"]
[EventType "swiss"]
[EventRounds "9"]
[EventCountry "SRB"]
[SourceTitle "CBM 188 Extra"]
[Source "ChessBase"]
[SourceDate "2019.02.26"]
[SourceVersion "1"]
[SourceVersionDate "2019.02.26"]
[SourceQuality "1"]

1. d4 Nf6 2. c4 c5 3. d5 b5 4. cxb5 a6 5. b6 d6 6. Nc3 Nbd7 7. a4 Qxb6 8. e4 g6 9. Nf3 Bg7 10. Nd2 0-0 11. Nc4 Qa7 12. Be2 Rb8 13. 0-0 Ne8 14. Qc2 Ne5 15. Ne3 Nc7 16. Rb1 e6 17. f4 Nd7 18. f5 exf5 19. exf5 Nf6 20. Bc4 Bd7 21. Bd2 Rfe8 22. Rbe1 Qb7 23. b3 Qc8 24. Ncd1 Ne4 25. Ba5 Bd4 26. fxg6 hxg6 27. Kh1 Kg7 28. Rf4 f5 29. Bd3 Nxd5 30. Nxd5 g5 31. Rf3 g4 32. Bxe4 gxf3 33. Bxf3 Rxe1+ 34. Bxe1 Qe8 35. Qd2 f4 36. Bf2 Bxf2 37. Nxf2 Qe5 38. h3 Be6 39. Nd3 Qa1+ 40. Kh2 Bxd5 41. Bxd5 Qd4 42. Bf3 Re8 43. Qc2 Re3 44. Nf2 Re1 45. Bh5 Re6 46. Qf5 Qf6 47. Qg4+ Kh6 48. Qg8 1-0

[Event "Belgrade ChessAmateur op 5th"]
[Site "Belgrade"]
[Date "2019.01.05"]
[Round "2"]
[White "Tugstumur, Yesuntumur"]
[Black "Molnar, Laszlo"]
[Result "1-0"]
[WhiteElo "2295"]
[BlackElo "2195"]
[PlyCount "97"]
[EventDate "2019.01.04"]
[EventType "swiss"]
[EventRounds "9"]
[EventCountry "SRB"]
[SourceTitle "CBM 188 Extra"]
[Source "ChessBase"]
[SourceDate "2019.02.26"]
[SourceVersion "1"]
[SourceVersionDate "2019.02.26"]
[SourceQuality "1"]

1. d4 Nf6 2. c4 g6 3. Nc3 d5 4. cxd5 Nxd5 5. e4 Nxc3 6. bxc3 Bg7 7. Nf3 c5 8. h3 Nc6 9. Be3 Qa5 10. Bd2 0-0 11. Be2 Qa3 12. d5 Ne5 13. Qb3 Qxb3 14. axb3 e6 15. 0-0-0 exd5 16. exd5 Bd7 17. Ne1 f5 18. f4 Nf7 19. Nd3 Rfc8 20. Rhe1 a5 21. Bf3 Nd6 22. Ne5 Be8 23. Kc2 a4 24. Ra1 axb3+ 25. Kxb3 b5 26. Be3 c4+ 27. Kc2 b4 28. cxb4 Ba4+ 29. Kd2 c3+ 30. Ke2 Ne4 31. Bxe4 fxe4 32. Bc5 c2 33. d6 Re8 34. Bb6 Bb5+ 35. Kd2 Rxa1 36. Rxa1 Bxe5 37. fxe5 Rxe5 38. Kxc2 Rd5 39. Bc5 h5 40. Ra5 Bc6 41. Ra7 e3 42. Re7 Bb5 43. Rxe3 Kf7 44. Kc3 Kf6 45. Re7 Bf1 46. Bd4+ Kg5 47. d7 Rd6 48. Rf7 Bb5 49. d8Q+ 1-0

[Event "Wch U12"]
[Site "Santiago de Compostela"]
[Date "2018.11.15"]
[Round "11"]
[White "Damjanovic, Vuk"]
[Black "Tugstumur, Yesuntumur"]
[Result "0-1"]
[WhiteElo "2053"]
[BlackElo "2331"]
[PlyCount "112"]
[EventDate "2018.11.04"]
[EventType "swiss"]
[EventRounds "11"]
[EventCountry "ESP"]
[SourceTitle "EXT 2022"]
[Source "ChessBase"]
[SourceDate "2021.10.06"]
[SourceVersion "1"]
[SourceVersionDate "2021.10.06"]
[SourceQuality "1"]

1. e4 c5 2. Nf3 e6 3. d4 cxd4 4. Nxd4 Nc6 5. Nc3 Qc7 6. g3 a6 7. Bg2 Nf6 8. 0-0 h5 9. h3 Bc5 10. Nb3 Be7 11. Qe2 d6 12. f4 b5 13. Be3 Bb7 14. Qf2 0-0 15. Bf3 Rac8 16. g4 b4 17. Na4 Nb8 18. Nb6 Rcd8 19. Qg2 d5 20. e5 Nh7 21. Bd4 Nc6 22. Bf2 a5 23. Na4 Ba6 24. Bb6 Bxf1 25. Rxf1 Qb8 26. Bxd8 Rxd8 27. Nc1 hxg4 28. hxg4 g5 29. f5 Nxe5 30. fxe6 fxe6 31. Be2 Kg7 32. Nd3 Nxd3 33. Bxd3 Nf6 34. Rf3 Rh8 35. Rh3 Rxh3 36. Qxh3 Qf4 37. Kg2 Bd6 38. b3 Ne4 39. Bxe4 Qxe4+ 40. Qf3 Qxc2+ 41. Qf2 Qxf2+ 42. Kxf2 Kf6 43. Nb2 Ke5 44. Ke3 Bc5+ 45. Kf3 Kd4 46. Ke2 e5 47. Nd1 e4 48. Nf2 Kc3 49. Nh3 Be7 50. Nf2 Kb2 51. Kd2 Kxa2 52. Kc2 Bc5 53. Nh1 a4 54. bxa4 b3+ 55. Kc3 b2 56. a5 b1Q 0-1

[Event "Wch U12"]
[Site "Santiago de Compostela"]
[Date "2018.11.13"]
[Round "9"]
[White "Stalmach, Richard"]
[Black "Tugstumur, Yesuntumur"]
[Result "1-0"]
[WhiteElo "2028"]
[BlackElo "2331"]
[PlyCount "59"]
[EventDate "2018.11.04"]
[EventType "swiss"]
[EventRounds "11"]
[EventCountry "ESP"]
[SourceTitle "EXT 2022"]
[Source "ChessBase"]
[SourceDate "2021.10.06"]
[SourceVersion "1"]
[SourceVersionDate "2021.10.06"]
[SourceQuality "1"]

1. d4 Nf6 2. c4 c5 3. d5 b5 4. cxb5 a6 5. f3 g6 6. e4 d6 7. Nc3 Bg7 8. a4 0-0 9. Be3 Ne8 10. Qd2 f5 11. h4 axb5 12. Bxb5 Ba6 13. Bxa6 Nxa6 14. h5 Nb4 15. hxg6 hxg6 16. Nge2 fxe4 17. Nf4 Nc7 18. Nxe4 Rf5 19. g4 Ncxd5 20. gxf5 Nxe3 21. Qh2 Nbc2+ 22. Kf2 Kf7 23. Qh7 Ke8 24. Qxg7 Kd7 25. Rac1 Nxf5 26. Qxg6 Ncd4 27. Nd3 Kc7 28. Ndxc5 dxc5 29. Nxc5 Kb8 30. Rh8 1-0